View of the representative history of England (Record no. 114221)
[ view plain ]
| 000 -LEADER | |
|---|---|
| fixed length control field | 00722cam a22001815a 4500 |
| 001 - CONTROL NUMBER | |
| control field | L156376 |
| 008 - FIXED-LENGTH DATA ELEMENTS--GENERAL INFORMATION | |
| fixed length control field | 120515s1840 xxk f 000 0 eng d |
| 035 ## - SYSTEM CONTROL NUMBER | |
| System control number | (Sirsi) u156376 |
| 041 0# - LANGUAGE CODE | |
| Language code of text/sound track or separate title | eng |
| 100 1# - MAIN ENTRY--PERSONAL NAME | |
| Personal name | Lewis, Samuel |
| Dates associated with a name | d. 1865 |
| 245 00 - TITLE STATEMENT | |
| Title | View of the representative history of England |
| Remainder of title | with engraved plans, shewing the electoral divisions of the several counties, and the former and present boundaries of the cities and boroughs |
| 260 ## - PUBLICATION, DISTRIBUTION, ETC. | |
| Place of publication, distribution, etc. | London |
| Name of publisher, distributor, etc. | S. Lewis |
| Date of publication, distribution, etc. | 1840 |
| 300 ## - PHYSICAL DESCRIPTION | |
| Extent | viii, 83, 2, 5 p., 116 leaves of plates |
| Other physical details | chiefly maps |
| Dimensions | 34 cm. |
| 583 0# - ACTION NOTE | |
| Action | Condition reviewed |
| Time/date of action | 20120620 |
| Status | condition level 4, missing spine and loose boards |
| 651 #4 - SUBJECT ADDED ENTRY--GEOGRAPHIC NAME | |
| Geographic name | England |
| 690 ## - LOCAL SUBJECT ADDED ENTRY--TOPICAL TERM (OCLC, RLIN) | |
| Topical term or geographic name as entry element | Business and management |
| 942 ## - ADDED ENTRY ELEMENTS (KOHA) | |
| Suppress in OPAC | 0 |
| Withdrawn status | Lost status | Source of classification or shelving scheme | Damaged status | Not for loan | Home library | Current library | Shelving location | Date acquired | Total Checkouts | Full call number | Barcode | Date last seen | Copy number | Price effective from | Koha item type |
|---|---|---|---|---|---|---|---|---|---|---|---|---|---|---|---|
| Dewey Decimal Classification | Historic collection | Historic collection | Historic collection | 15/05/2012 | FOLIO 1840 LEWIS | 30077756 | 06/08/2019 | 1 | 06/08/2019 | Book |